[Event "AUTO-INT-1350"]
[Site "http://www.queenalice.com/game.php?id=606327"]
[Date "2009.6.20"]
[Round "1"]
[White "jumping"]
[Black "mingcheli"]
[Result "0-1"]
[WhiteElo "1688"]
[BlackElo "1629"]

1. d4 d5 2. Nc3 e6 3. e4 dxe4 4. Nxe4 b6 5. Bb5+ Bd7 6. Qd3 c6 7. Ba6 Qc7 8. g3
b5 9. Nc5 Qb6 10. Bb7 Bxc5 11. Bxa8 Bxd4 12. Be3 Bxe3 13. Qxe3 Qxe3+ 14. fxe3
Na6 15. O-O-O Nf6 16. Nf3 Ke7 17. Bb7 Nc5 18. Bxc6 Bxc6 19. e4 Bxe4 20. Rhf1 h6
21. Ne5 Bd5 22. b3 Rf8 23. c4 bxc4 24. Nxc4 Bxc4 25. bxc4 Ng4 26. Rd2 Rb8 27. h4
Rb4 28. Rd4 Ne5 29. Kc2 a5 30. Re1 Nf3 31. Red1 Nxd4+ 32. Rxd4 e5 33. Rd5 Rxc4+
34. Kb2 f6 35. Rd2 Ne4 36. Rd3 Ke6 37. a3 a4 38. Re3 h5 39. Rd3 g5 40. Re3 gxh4
41. gxh4 f5 42. Re1 Rc3 43. Rg1 Rh3 44. Rg6+ Nf6 45. Rg7 Rxh4 46. Ra7 Rd4 47.
Ra6+ Kf7 48. Ra7+ Kg6 49. Kc3 Kg5 50. Re7 Nd5+ 0-1

[Event "AUTO-INT-1350"]
[Site "http://www.queenalice.com/game.php?id=606328"]
[Date "2009.6.20"]
[Round "1"]
[White "mingcheli"]
[Black "jumping"]
[Result "1-0"]
[WhiteElo "1647"]
[BlackElo "1704"]

1. e4 e5 2. Nf3 Nc6 3. Bb5 a6 4. Bxc6 dxc6 5. d4 Bg4 6. Be3 exd4 7. Bxd4 Bxf3 8.
gxf3 Nf6 9. Nc3 Bb4 10. Qd3 O-O 11. O-O-O c5 12. Bxf6 Qxf6 13. Nd5 Qe6 14. Kb1
c6 15. Nc7 Qf6 16. Nxa8 Rxa8 17. f4 g6 18. f5 g5 19. Rhg1 b5 20. Rg3 c4 21. Qd4
Kg7 22. Qxf6+ Kxf6 23. c3 Bc5 24. f3 h5 25. h3 Ke5 26. Rxg5 Rh8 27. Rd7 Kf4 28.
Rg7 Kxf3 29. Rgxf7 Kxe4 30. Rc7 Kd5 31. Rfd7+ Bd6 32. Ra7 Ke5 33. Rxa6 Kxf5 34.
Rxd6 Re8 35. Rd5+ Ke4 36. Rd4+ Ke5 37. Rxc6 Rg8 38. Rc5+ Kf6 39. Rxb5 Rg1+ 40.
Kc2 Rg2+ 41. Rd2 Rg3 42. Rxh5 Kg6 43. Rh4 Kg5 44. Rxc4 Rxh3 45. b4 Kf5 46. Rd5+
Ke6 47. Ra5 Rh2+ 48. Kb3 Kd6 49. b5 Rh5 50. Ra6+ 1-0

[Event "AUTO-INT-1350"]
[Site "http://www.queenalice.com/game.php?id=606341"]
[Date "2009.6.20"]
[Round "1"]
[White "mingcheli"]
[Black "J_Ricardo"]
[Result "1-0"]
[WhiteElo "1526"]
[BlackElo "1499"]

1. e4 e5 2. Nf3 d6 3. h3 Nf6 4. d3 Nc6 5. c3 Be7 6. Be2 b6 7. O-O Bb7 8. Be3 h6
9. Qc2 d5 10. exd5 Nxd5 11. Bd2 Nf6 12. Re1 Qd5 13. Bf1 O-O 14. c4 Qd6 15. Bc3
a6 16. Nbd2 Nd8 17. Bxe5 Qc6 18. Bh2 Ne6 19. d4 Bb4 20. a3 Bd6 21. Qd3 Bxh2+ 22.
Kxh2 Nf4 23. Qf5 Ng6 24. d5 Qd6+ 25. Kh1 b5 26. b3 Ne7 27. Qc2 bxc4 28. bxc4 Nh5
29. Qe4 Qc5 30. Qxe7 Qxf2 31. Qxc7 Bc8 32. Ne4 Qh4 33. Nxh4 Re8 34. d6 Nf4 35.
d7 Bxd7 36. Qxd7 Ne6 37. Nd6 Rad8 38. Qxf7+ Kh7 39. Nxe8 Rxe8 40. Qxe8 Ng5 41.
Bd3+ g6 42. Qxg6+ Kh8 43. Re8# 1-0

[Event "AUTO-INT-1350"]
[Site "http://www.queenalice.com/game.php?id=606342"]
[Date "2009.6.20"]
[Round "1"]
[White "J_Ricardo"]
[Black "mingcheli"]
[Result "0-1"]
[WhiteElo "1499"]
[BlackElo "1501"]

1. e4 c5 2. Bc4 e6 3. Nc3 Nc6 4. a3 Nf6 5. d3 d5 6. exd5 exd5 7. Bb5 a6 8. Bxc6+
bxc6 9. Nge2 Bd6 10. Bg5 h6 11. Bh4 d4 12. Na4 Qa5+ 13. Nac3 dxc3 14. Nxc3 O-O
15. O-O Be5 16. Qe2 Bxc3 17. bxc3 Qxc3 18. a4 Be6 19. Bxf6 Qxf6 20. Rae1 Bd5 21.
f3 Qd4+ 22. Rf2 Qxa4 23. Qd1 a5 24. Rfe2 Qd4+ 25. Re3 a4 26. Re2 a3 27. c3 Qxc3
28. Qb1 a2 29. Rxa2 Rxa2 30. h3 Ra1 31. Qxa1 Qxa1+ 32. Kf2 Ra8 33. Kg3 Qd4 34.
Re1 Qxd3 35. h4 Qg6+ 36. Kf2 Ra2+ 37. Ke3 Qxg2 38. h5 Qxf3# 0-1

[Event "AUTO-INT-1350"]
[Site "http://www.queenalice.com/game.php?id=606343"]
[Date "2009.6.20"]
[Round "1"]
[White "mingcheli"]
[Black "saturnin"]
[Result "1-0"]
[WhiteElo "1431"]
[BlackElo "1628"]

1. e4 Nc6 2. Nf3 e5 3. Bc4 Nf6 4. d3 Be7 5. O-O O-O 6. Be3 d5 7. exd5 Nxd5 8.
Bxd5 Qd7 9. Nc3 Qd6 10. d4 Bg4 11. dxe5 Nxe5 12. Bxb7 Nxf3+ 13. Bxf3 Bxf3 14.
Qxf3 Qb4 15. Nd5 Qd6 16. Rad1 Qc6 17. Nxe7+ 1-0

[Event "AUTO-INT-1350"]
[Site "http://www.queenalice.com/game.php?id=606344"]
[Date "2009.6.20"]
[Round "1"]
[White "saturnin"]
[Black "mingcheli"]
[Result "0-1"]
[WhiteElo "1640"]
[BlackElo "1566"]

1. d3 e5 2. e4 d5 3. exd5 Qxd5 4. Nc3 Qd7 5. Be2 Nf6 6. Nf3 Nc6 7. b3 Bb4 8. Bd2
O-O 9. O-O Nd4 10. Nxe5 Qe6 11. a3 Bd6 12. Nc4 Re8 13. Be3 Nf5 14. Nxd6 cxd6 15.
Nb5 Qd7 16. d4 a6 17. Nc3 Nxe3 18. fxe3 Rxe3 19. Qd2 Qe7 20. b4 Bf5 21. Rxf5 Re8
22. Re1 Qd7 23. Ra5 d5 24. Na4 Qc6 25. b5 Qd6 26. bxa6 bxa6 27. Nc5 h6 28. Rxa6
Qe7 29. Kf2 Ng4+ 30. Kg1 Rxe2 31. Rxe2 Qxe2 32. Qxe2 Rxe2 33. g3 Rxc2 34. a4 Rc4
35. a5 Rxd4 36. Ra8+ Kh7 37. h3 Ne5 38. Kf2 Rc4 39. Nb3 Ra4 40. a6 d4 41. Nc5
Ra2+ 42. Kg1 d3 43. Rd8 d2 44. Kf1 Nc4 45. g4 Ra1+ 46. Ke2 Re1+ 47. Kf3 d1=Q+
48. Rxd1 Rxd1 49. Nb3 Rd3+ 50. Ke4 Rxb3 51. Kd4 Nb6 52. Kc5 Na4+ 53. Kc6 Rb6+
54. Kc7 Rxa6 55. Kb7 Nc5+ 56. Kc7 Kg6 0-1

[Event "AUTO-BEG-317"]
[Site "http://www.queenalice.com/game.php?id=629342"]
[Date "2009.8.2"]
[Round "2"]
[White "julioisdi"]
[Black "mingcheli"]
[Result "0-1"]
[WhiteElo "1382"]
[BlackElo "1595"]

1. e4 e5 2. Nf3 d6 3. Nc3 c6 4. Bc4 Qf6 5. h3 Ne7 6. d3 h6 7. g4 g5 8. b4 a6 9.
h4 Bg7 10. hxg5 hxg5 11. Bxg5 Rxh1+ 12. Ke2 Rxd1 13. Bxf6 Rxa1 14. Bxg7 Bxg4 15.
Ke3 Bxf3 16. Kxf3 Nd7 17. Ne2 f6 18. d4 exd4 0-1

[Event "AUTO-BEG-317"]
[Site "http://www.queenalice.com/game.php?id=629343"]
[Date "2009.8.2"]
[Round "2"]
[White "mingcheli"]
[Black "julioisdi"]
[Result "1-0"]
[WhiteElo "1604"]
[BlackElo "1382"]

1. e4 e5 2. Nf3 f6 3. Nxe5 fxe5 4. Qh5+ g6 5. Qxe5+ Qe7 6. Qxh8 Qxe4+ 7. Kd1 Nc6
8. Nc3 Nd4 9. d3 Qe6 10. Qxd4 Nf6 11. Be2 c5 12. Qe3 b6 13. Re1 d6 14. Qxe6+
Bxe6 15. Bg5 Nd7 16. Bg4 h6 17. Rxe6+ Kf7 18. Bf4 Nf6 19. Bh3 1-0

[Event "AUTO-BEG-317"]
[Site "http://www.queenalice.com/game.php?id=629346"]
[Date "2009.8.2"]
[Round "2"]
[White "mingcheli"]
[Black "dreamer"]
[Result "1-0"]
[WhiteElo "1625"]
[BlackElo "1495"]

1. e4 e6 2. d4 d5 3. e5 c5 4. Nf3 cxd4 5. Qxd4 a6 6. Be2 Nc6 7. Qa4 Bd7 8. Qf4
Be7 9. O-O f6 10. c3 fxe5 11. Nxe5 Nxe5 12. Qxe5 Bf6 13. Qe3 Ne7 14. Nd2 O-O 15.
Nf3 Nf5 16. Qd2 Bc6 17. Rd1 Qe7 18. Bd3 Nd6 19. Bc2 Rad8 20. Qd3 Ne4 21. Be3 g6
22. Bd4 Bxd4 23. Qxd4 Qf6 24. Qxf6 Nxf6 25. Rd4 Nd7 26. Re1 Rfe8 27. Ne5 Nxe5
28. Rxe5 Re7 29. c4 b6 30. b3 Rde8 31. f4 1-0

[Event "AUTO-BEG-317"]
[Site "http://www.queenalice.com/game.php?id=629347"]
[Date "2009.8.2"]
[Round "2"]
[White "dreamer"]
[Black "mingcheli"]
[Result "0-1"]
[WhiteElo "1495"]
[BlackElo "1612"]

1. Nf3 c5 2. c4 Nc6 3. Nc3 e6 4. e4 d6 5. d3 h6 6. Be2 Be7 7. a3 Nf6 8. O-O O-O
9. Bd2 a6 10. Qc2 Nd4 11. Nxd4 cxd4 12. Na2 e5 13. f4 Nh7 14. fxe5 dxe5 15. Nb4
f5 16. Nd5 f4 17. Nxe7+ Qxe7 18. Bb4 Qe8 19. Bxf8 Qxf8 20. Rf3 Qf6 21. h3 Ng5
22. Rff1 Qg6 23. Kh1 Be6 24. Rg1 Nh7 25. Bf3 Qg3 26. Raf1 Rf8 27. Qf2 Qg5 28. g4
Rf7 29. h4 Qe7 30. Qh2 g5 31. Kg2 Nf6 0-1

[Event "Let's Play Chess!"]
[Site "http://www.queenalice.com/game.php?id=643906"]
[Date "2009.8.28"]
[Round "-"]
[White "Murderface"]
[Black "mingcheli"]
[Result "1-0"]
[WhiteElo "1732"]
[BlackElo "1638"]

1. e4 e5 2. d4 exd4 3. c3 dxc3 4. Bc4 Qe7 5. Nxc3 Nf6 6. Nf3 c6 7. O-O g6 8. Re1
d6 9. e5 dxe5 10. Rxe5 Be6 11. Bxe6 fxe6 12. Ng5 Qd7 13. Rxe6+ Kd8 14. Nf7+ Kc7
15. Qxd7+ Nbxd7 16. Bf4+ Kc8 17. Nxh8 b5 18. Rxc6+ Kb7 19. Rc7+ Kb6 20. Rd1 Nc5
21. Rf7 Nce4 22. Nxe4 Nxe4 23. Rxh7 Bc5 24. Be3 Bxe3 25. fxe3 Rc8 26. Re7 Nc5
27. Nxg6 Rc6 28. Ne5 Rf6 29. Nd7+ Nxd7 30. Rdxd7 a6 31. e4 Ka5 32. e5 Rc6 33.
Rd6 Rc1+ 34. Kf2 Rc2+ 35. Kg3 Rxb2 36. e6 Rxa2 37. Rf7 b4 38. e7 b3 39. e8=Q Rc2
40. Qe5+ Kb4 41. Rf4+ Ka3 42. Rxa6# 1-0

[Event "AUTO-OPEN-1705"]
[Site "http://www.queenalice.com/game.php?id=659260"]
[Date "2009.9.28"]
[Round "1"]
[White "boydelta"]
[Black "mingcheli"]
[Result "1-0"]
[WhiteElo "2254"]
[BlackElo "1665"]

1. e4 e5 2. Nc3 Nf6 3. Nf3 d6 4. d4 exd4 5. Qxd4 Nc6 6. Bb5 Bd7 7. Bxc6 Bxc6 8.
O-O Be7 9. b4 a6 10. a4 b5 11. e5 dxe5 12. Qxe5 O-O 13. Nd4 Bb7 14. Nf5 Bxb4 15.
Na2 Bd6 16. Nxd6 Qxd6 17. Qxd6 cxd6 18. Ba3 Rfd8 19. Rfd1 d5 20. c3 Rd7 21. a5
Rad8 22. Rd4 Ne8 23. Bc5 Rc8 24. Bb4 Nc7 25. Rad1 Ne6 26. R4d2 Rc4 27. Nc1 d4
28. Ne2 1-0

[Event "AUTO-OPEN-1705"]
[Site "http://www.queenalice.com/game.php?id=659261"]
[Date "2009.9.28"]
[Round "1"]
[White "mingcheli"]
[Black "boydelta"]
[Result "0-1"]
[WhiteElo "1663"]
[BlackElo "2255"]

1. e4 Nc6 2. Nf3 e5 3. Bc4 Nd4 4. Bxf7+ Kxf7 5. Nxe5+ Ke6 6. Nc4 Nf6 7. d3 d6 8.
c3 Nc6 9. O-O Kf7 10. Bg5 Be7 11. Qf3 Ne5 12. Nxe5+ dxe5 13. h3 Rf8 14. Nd2 Kg8
15. Nc4 Nd7 16. Bxe7 Qxe7 17. Qe3 Nb6 18. Nd2 Rf4 19. Qg3 Bd7 20. b3 Raf8 21. a4
Qc5 22. Rac1 R8f6 23. Qe3 Qxe3 24. fxe3 Rxf1+ 25. Nxf1 a5 26. d4 Rf7 27. c4 c5
28. dxc5 Na8 29. Rd1 Nc7 0-1

[Event "AUTO-OPEN-1705"]
[Site "http://www.queenalice.com/game.php?id=659306"]
[Date "2009.9.28"]
[Round "1"]
[White "Marivaldo"]
[Black "mingcheli"]
[Result "1-0"]
[WhiteElo "1922"]
[BlackElo "1532"]

1. d4 d5 2. Bf4 Nf6 3. Nc3 e6 4. a3 Be7 5. e3 O-O 6. Bd3 Bd6 7. Bg5 h6 8. Bh4
Be7 9. Nb5 a6 10. Nc3 Ne8 11. Bg3 Bd6 12. Nf3 Bxg3 13. hxg3 Nc6 14. Ne2 Qf6 15.
c3 e5 16. dxe5 Nxe5 17. Nxe5 Qxe5 18. Nf4 Nf6 19. Bc2 c6 20. Qd3 Re8 21. g4 Qe4
22. Qxe4 Nxe4 23. Bxe4 Rxe4 24. Kd2 Bxg4 25. f3 Bxf3 26. gxf3 Re7 27. Rag1 Rae8
28. Re1 g5 29. Nd3 Kg7 30. Rhg1 f6 31. f4 Kg6 32. fxg5 hxg5 33. Nf4+ Kf7 34. Ng2
c5 35. Rh1 1-0

[Event "AUTO-OPEN-1705"]
[Site "http://www.queenalice.com/game.php?id=659307"]
[Date "2009.9.28"]
[Round "1"]
[White "mingcheli"]
[Black "Marivaldo"]
[Result "0-1"]
[WhiteElo "1530"]
[BlackElo "1924"]

1. e4 d5 2. e5 d4 3. d3 c6 4. h3 Bf5 5. Nf3 e6 6. Nbd2 Bb4 7. a3 Ba5 8. b4 Bc7
9. Nb3 Bb6 10. Bb2 a5 11. Nbxd4 Bxd4 12. Bxd4 axb4 13. axb4 Na6 14. Bc3 Nc7 15.
Rxa8 Nxa8 16. Be2 Nb6 17. O-O Nd5 18. Bd2 Qb6 19. c3 Nge7 20. d4 O-O 21. Re1 Qc7
22. Bf1 Qb6 23. Qb3 Bg6 24. Nh4 Qc7 25. Be2 Qd8 26. Nxg6 Nxg6 27. g3 b5 28. c4
bxc4 29. Qxc4 Qd7 30. b5 cxb5 31. Qxb5 Qa7 32. Qd3 Rb8 33. Bf3 Nge7 34. h4 Nb4
0-1